Η σοσιαλιστική σκέψη στην Ελλάδα από το 1875 ως το 1974 : ιδέες και κινήσεις για την οικονομική και πολιτική οργάνωση της εργατικής τάξης (1907-1925)
Αποθηκεύτηκε σε:
| Άλλοι συγγραφείς: | |
|---|---|
| Μορφή: | Βιβλίο |
| Γλώσσα: | Greek |
| Δημοσίευση: |
Αθήνα :
Γνώση,
1991
|
| Σειρά: | Φιλοσοφική και πολιτική βιβλιοθήκη ;
; 35 |
| Θέματα: | |
| Ετικέτες: |
Προσθήκη ετικέτας
Δεν υπάρχουν, Καταχωρήστε ετικέτα πρώτοι!
|
MARC
| LEADER | 00000nam a2200000 i 4500 | ||
|---|---|---|---|
| 001 | 1/48908 | ||
| 008 | 980129s19919999 gre d | ||
| 020 | |a 960-235-395-3 ((set)) | ||
| 020 | |a 960-235-397-x (τ.2α) | ||
| 035 | |l 10026748 | ||
| 040 | |a GR-MY-UA |b gre |e aacr | ||
| 041 | 0 | |a gre | |
| 082 | 0 | |a 320.53109495 | |
| 245 | 1 | 2 | |a Η σοσιαλιστική σκέψη στην Ελλάδα από το 1875 ως το 1974 : |b ιδέες και κινήσεις για την οικονομική και πολιτική οργάνωση της εργατικής τάξης (1907-1925) / |c εισαγωγή-επιλογή κειμένων-υπομνηματισμός: Παναγιώτης Νούτσος |
| 260 | |a Αθήνα : |b Γνώση, |c 1991 | ||
| 300 | |a τ.2: 550 σ.; |c 21 εκ. | ||
| 490 | 1 | |a Φιλοσοφική και πολιτική βιβλιοθήκη |v ; 35 | |
| 504 | |a Περιλαμβάνει ευρετήριο | ||
| 505 | 0 | |a Α'μέρος: Από το Κοινωνικόν μας ζήτημα στην ιδρυτική γενιά του ΣΕΚΕ | |
| 650 | 0 | 0 | |a Socialism |z Greece |y 19th century. |
| 650 | 0 | 0 | |a Socialism |z Greece |y 20th century. |
| 700 | 1 | |a Νούτσος, Παναγιώτης Χ. |d 1948- | |
| 740 | 0 | 2 | |a Από το Κοινωνικόν μας ζήτημα στην ιδρυτική γενιά του ΣΕΚΕ |
| 830 | 0 | |a Φιλοσοφική και πολιτική βιβλιοθήκη ; |v ; 35 | |
| 852 | |a INST |b CHIOS |e 19980129 |h 320.53109495 ΣΟΣ |p 005200009994 |q 005200009994 |t BK |y 0 |z τ.2:Μέρος.1 | ||
| 852 | |a INST |b CHIOS |e 19980129 |h 320.53109495 ΣΟΣ |p 005200009994 |q 005200009994 |t BK |v τ.2;Μ΄ερος.1: |y 0 |z τ.2:Μέρος.1 | ||
| 853 | |a INST |b CHIOS |h 320.53109495 ΣΟΣ | ||
| 901 | |a BIBL-1998-1 | ||
| 909 | |a Χ |b 052831 | ||
| 922 | |a 2ΕΛΗ |b 199712 |c ΣΤΟΓΙΑΝΝΙΔΟΥ |d EMVASIS | ||